000 00660nam a2200193 i 4500
001 70976
003 ES-MaACL
005 20230906171001.0
007 t|
008 040804s1952 sp ||||1| spa d
100 1 _aGascón y Marín, José.
_955866
245 1 3 _aLa evolución del derecho del trabajo /
_cpor José Gascón y Marín.
260 _aMadrid :
_b[Escuela Social de Madrid],
_c1952 (
_fGráf. Barragán)
300 _a25 p. ;
_c24 cm.
594 _aPrecede al tít.: Ministerio de Trabajo. Escuela Social de Madrid.
650 4 _aDerecho laboral-
_vHistoria.
_9173591
710 2 _aEscuela Social de Madrid.
_93593
852 _aES-MaACL
_j1935-F-20
999 _c70976
_d70976